Southville International School and Colleges
Your cart is empty.
  • Cart
  • Lists
    Public lists Eva Luna New books Lux_list list_1
    Your lists Log in to create your own lists
  • Log in to your account
  • Your cookies
  • Search history
Southville International School and Colleges
  • Advanced search
  • Recent comments
  • Most popular
  • Libraries

Log in to your account

Log in with GOOGLE


If you do not have an external account, but do have a local account, you can still log in:

  1. Home
  2. MARC view: The Wizard of Oz /
Normal view MARC view ISBD view

The Wizard of Oz / (Record no. 7827)

[ view plain ]
MARC details
000 -LEADER
fixed length control field 00641nam a22002297a 4500
003 - CONTROL NUMBER IDENTIFIER
control field OSt
005 - DATE AND TIME OF LATEST TRANSACTION
control field 20140310181949.0
008 - FIXED-LENGTH DATA ELEMENTS--GENERAL INFORMATION
fixed length control field 130725t xxu||||| |||| 00| 0 eng d
020 ## - INTERNATIONAL STANDARD BOOK NUMBER
International Standard Book Number 0866119590
050 ## - LIBRARY OF CONGRESS CALL NUMBER
Classification number PZ 7
Item number .B347 1989
082 ## - DEWEY DECIMAL CLASSIFICATION NUMBER
Classification number KF B32g
Item number 1989
100 ## - MAIN ENTRY--PERSONAL NAME
Personal name Baum, L. Frank
9 (RLIN) 4179
245 ## - TITLE STATEMENT
Title The Wizard of Oz /
Statement of responsibility, etc L. Frank Baum
260 ## - PUBLICATION, DISTRIBUTION, ETC. (IMPRINT)
Place of publication, distribution, etc New York :
Name of publisher, distributor, etc Baronet Books,
Date of publication, distribution, etc c1989.
300 ## - PHYSICAL DESCRIPTION
Extent 235 p. :
Other physical details ill. ;
Dimensions 20 cm.
541 ## - IMMEDIATE SOURCE OF ACQUISITION NOTE
-- 1
562 ## - COPY AND VERSION IDENTIFICATION NOTE
Number of copies 1
650 ## - SUBJECT ADDED ENTRY--TOPICAL TERM
Topical term or geographic name as entry element Oz (Imaginary place)--Fiction
9 (RLIN) 4180
650 ## - SUBJECT ADDED ENTRY--TOPICAL TERM
Topical term or geographic name as entry element Wizards--Fiction.
9 (RLIN) 4181
650 ## - SUBJECT ADDED ENTRY--TOPICAL TERM
Topical term or geographic name as entry element Fantasy fiction.
9 (RLIN) 4096
942 ## - ADDED ENTRY ELEMENTS (KOHA)
Source of classification or shelving scheme Library of Congress Classification
Koha item type
Call number prefix
Holdings
Withdrawn status Lost status Source of classification or shelving scheme Damaged status Home library Current library Shelving location Date acquired Total Checkouts Full call number Barcode Date last seen Date checked out Copy number Price effective from Koha item type
    Library of Congress Classification   Luxembourg Library Luxembourg Library Kids Fiction Section 07/25/2013 3 PZ 7 .B347 1989 12392 01/18/2024 01/08/2024 1 07/25/2013 Books

The Wizard of Oz /

APA

Baum L. F., . (1989). The Wizard of Oz. New York: Baronet Books.

Chicago

Baum L Frank, . 1989. The Wizard of Oz. New York: Baronet Books.

Harvard

Baum L. F., . (1989). The Wizard of Oz. New York: Baronet Books.

MLA

Baum L Frank, . The Wizard of Oz. New York: Baronet Books. 1989.

  • Place hold
  • Print
  • Cite
  • Add to your cart (remove)
  • Save record
    BIBTEX Dublin Core MARCXML MARC (non-Unicode/MARC-8) MARC (Unicode/UTF-8) MARC (Unicode/UTF-8, Standard) MODS (XML) RIS
  • More searches
    Search for this title in:
    Other Libraries (WorldCat) Other Databases (Google Scholar) Online Stores (Bookfinder.com) Open Library (openlibrary.org)

Exporting to Dublin Core...

SOUTHVILLE LIBRARY

Southville International School and Colleges Library

1281 Tropical Ave. Cor. Luxembourg St., BF Homes International, Las Pinas City

Tel. No. 8256374 / 252358 Loc. 117/146

Powered by Koha